000 00452nam a2200181Ia 4500
003 GCL
008 140319s9999 xx 000 0 ara d
040 _aGCL /
_cGCL
082 0 4 _a811.9
_bا ق
100 1 _aاحمد شوقى
245 1 0 _aقمبير /
_cاحمد شوقى
300 _a160 ص
490 _a
650 0 4 _aالادب العربى
650 0 4 _aاحمد شوقى
650 0 4 _aالمسرحيات العربية
942 _2ddc
_cBK
999 _c39450
_d39450